Acta summorum pontificum res gestas Bohemicas aevi praehussitici et hussitici illustrantia : acta Innocentii VII., Gregorii XII., Alexandri V., Johannis XXIII nec non acta concilii Constantiensis 1404-1417 : acta Clementis VII. et Benedici XIII. 1378-1417. P[ars] 2. /

Korporativní autor: Ústav československých a světových dějin (Československá akademie věd)
Další autoři: Fiala, Zdeněk, 1922-1975, Eršil, Jaroslav, 1926-2008
Jazyk: Latina
Vydáno: Pragae : Academia, 1980
Vydání: 1. vyd.
Témata:
Fyzický popis: s. 493-915
Knihy
Uloženo v:
LEADER 01151nam a22002292a 4500
001 000280512
003 CZ BrMZK
005 20050822131649.0
008 010907s1980 xr f lat d
040 |a BOA001  |b cze  |c BOA002 
245 0 0 |a Acta summorum pontificum res gestas Bohemicas aevi praehussitici et hussitici illustrantia :  |b acta Innocentii VII., Gregorii XII., Alexandri V., Johannis XXIII nec non acta concilii Constantiensis 1404-1417 : acta Clementis VII. et Benedici XIII. 1378-1417.  |n P[ars] 2. /  |c ed. Jaroslav Eršil ; vědecký redaktor Zdeněk Fiala 
250 |a 1. vyd. 
260 |a Pragae :  |b Academia,  |c 1980 
300 |a s. 493-915 
504 |a Bibliografie na s. 727-730 a na s. 910 
700 1 |a Fiala, Zdeněk,  |d 1922-1975  |7 jk01031033  |4 edt 
700 1 |a Eršil, Jaroslav,  |d 1926-2008  |7 jk01030574  |4 pbl 
710 2 |a Ústav československých a světových dějin (Československá akademie věd)  |7 ko2004231844 
910 |a BOA001  |b PK-N-0020.864,2 
964 |a Papežové - země české - výnosy - r. 1378-1417 
990 |a BK 
996 7 |b 3119919056  |c PK-N-0020.864,2  |l MZK  |r Sklad / do 1 hodiny  |n 19  |w 000280512  |u 000010  |a 1  |e BOA001  |j MZK50  |s A